[Event "DVM U14w 2003"]
[Site "Greifswald GER"]
[Date "2003.12.28"]
[Round "4"]
[White "Post, Julia"]
[Black "Nuber, Helene"]
[Result "0-1"]
[Termination "normal"]
[Board "3.1"]
[WhiteElo "1172"]
[BlackElo "1686"]
[WhiteTeam "SK Gräfelfing"]
[BlackTeam "SC Schwabmünchen"]
[PlyCount "116"]
[BlackFideId "24613045"]
[EventCountry "GER"]
[EventRounds "7"]
[EventType "team-swiss"]
[EventDate "2003.12.26"]

1. e4 e6 2. d4 d5 3. e5 c5 4. Nf3 Nc6 5. Be3 cxd4 6. Bxd4 Nxd4 7. Nxd4 Ne7 8.
Bd3 Bd7 9. O-O Qb6 10. Nb3 Nc6 11. Re1 Rc8 12. Nc3 Na5 13. Qe2 a6 14. Kh1 Nxb3
15. axb3 Bb4 16. Red1 Bxc3 17. bxc3 Rxc3 18. f4 Qd8 19. Qg4 g6 20. Qf3 Rc5 21.
g4 Qh4 22. Qg3 Qxg3 23. hxg3 h5 24. gxh5 Rxh5+ 25. Kg2 Bc6 26. g4 Rh8 27. Ra3
Rc3 28. Rda1 d4+ 29. Kg3 Bb5 30. b4 Bxd3 31. Rxc3 dxc3 32. cxd3 Kd7 33. Rc1 Rc8
34. Kf3 Rc6 35. Ke3 Kc7 36. d4 Kb6 37. Kd3 c2 38. Rxc2 Rxc2 39. Kxc2 Kc6 40.
Kc3 Kd5 41. Kd3 b6 42. f5 a5 43. fxe6 fxe6 44. b5 a4 45. g5 a3 46. Kc3 a2 47.
Kb2 Kxd4 48. Kxa2 Kxe5 49. Kb3 Kf5 50. Kc4 Kxg5 51. Kd3 Kf4 52. Kd2 g5 53. Ke2
g4 54. Kf2 g3+ 55. Kg2 e5 56. Kf1 Kf3 57. Ke1 g2 58. Kd1 g1=Q+ 0-1

[Event "DVM U14w 2003"]
[Site "Greifswald GER"]
[Date "2003.12.28"]
[Round "4"]
[White "Billing, Tanja"]
[Black "Bothe, Lea"]
[Result "0-1"]
[Termination "normal"]
[Board "3.2"]
[WhiteElo "1394"]
[BlackElo "1259"]
[WhiteTeam "SC Schwabmünchen"]
[BlackTeam "SK Gräfelfing"]
[PlyCount "42"]
[WhiteFideId "24647993"]
[EventCountry "GER"]
[EventRounds "7"]
[EventType "team-swiss"]
[EventDate "2003.12.26"]

1. c4 e5 2. Nc3 Nf6 3. e3 c5 4. g3 Nc6 5. Bg2 Be7 6. Nge2 O-O 7. O-O d6 8. b3
Be6 9. d4 cxd4 10. exd4 exd4 11. Nxd4 Qd7 12. Re1 Rfe8 13. Bf4 Bh3 14. Ncb5
Bxg2 15. Kxg2 a6 16. Nc3 Qg4 17. Nxc6 bxc6 18. Bxd6 Bxd6 19. Qxd6 Rac8 20.
Rxe8+ Nxe8 21. Re1 Nxd6 0-1

[Event "DVM U14w 2003"]
[Site "Greifswald GER"]
[Date "2003.12.28"]
[Round "4"]
[White "Bothe, Ann-Marie"]
[Black "Nieberle, Julia"]
[Result "1/2-1/2"]
[Termination "normal"]
[Board "3.3"]
[WhiteElo "814"]
[BlackElo "1275"]
[WhiteTeam "SK Gräfelfing"]
[BlackTeam "SC Schwabmünchen"]
[PlyCount "30"]
[EventCountry "GER"]
[EventRounds "7"]
[EventType "team-swiss"]
[EventDate "2003.12.26"]

1. e4 e5 2. Nf3 Nc6 3. d4 exd4 4. Nxd4 Bc5 5. Be3 Bxd4 6. Bxd4 Nxd4 7. Qxd4 Qf6
8. Qxf6 Nxf6 9. Nc3 d6 10. h3 O-O 11. Bd3 Re8 12. O-O Bd7 13. Rfe1 Re7 14. Re3
Rae8 15. Rae1 Re5 1/2-1/2

[Event "DVM U14w 2003"]
[Site "Greifswald GER"]
[Date "2003.12.28"]
[Round "4"]
[White "Muschak, Theresia"]
[Black "Dobrinevski, Anastassia"]
[Result "1/2-1/2"]
[Termination "normal"]
[Board "3.4"]
[WhiteElo "864"]
[BlackElo "790"]
[WhiteTeam "SC Schwabmünchen"]
[BlackTeam "SK Gräfelfing"]
[PlyCount "30"]
[EventCountry "GER"]
[EventRounds "7"]
[EventType "team-swiss"]
[EventDate "2003.12.26"]

1. e4 e5 2. Nf3 Nc6 3. d4 exd4 4. Nxd4 Nf6 5. Nxc6 bxc6 6. Nc3 Bb4 7. Bd2 O-O
8. a3 Ba5 9. Bd3 Qe7 10. O-O d5 11. exd5 Bxc3 12. Bxc3 Nxd5 13. Bb4 Nxb4 14.
axb4 Qxb4 15. b3 Qc5 1/2-1/2

[Event "DVM U14w 2003"]
[Site "Greifswald GER"]
[Date "2003.12.28"]
[Round "4"]
[White "Mucha, Annegret"]
[Black "Zikeli, Saskia"]
[Result "0-1"]
[Termination "normal"]
[Board "4.1"]
[WhiteElo "1554"]
[BlackElo "1867"]
[WhiteTeam "SV Empor Erfurt"]
[BlackTeam "TSV Heumaden"]
[PlyCount "70"]
[WhiteFideId "24622788"]
[BlackFideId "24601543"]
[EventCountry "GER"]
[EventRounds "7"]
[EventType "team-swiss"]
[EventDate "2003.12.26"]

1. e4 Nc6 2. d4 d5 3. e5 Bf5 4. Nf3 e6 5. Be2 Be7 6. c3 h5 7. Nbd2 Nh6 8. Nf1
g5 9. Ne3 Bg6 10. a4 g4 11. Nd2 Nf5 12. Ndf1 f6 13. exf6 Bxf6 14. Bd3 Kf7 15.
Qc2 Nce7 16. Qb3 Qd7 17. a5 Kg7 18. Be2 e5 19. dxe5 Bxe5 20. Nxf5+ Nxf5 21. Ne3
d4 22. Nxf5+ Bxf5 23. cxd4 Bxd4 24. O-O Rae8 25. Bd1 Bd3 26. Qxb7 Bxf2+ 27. Kh1
Bxf1 28. Ba4 Bb5 29. Bh6+ Rxh6 30. Bxb5 Rhe6 31. g3 Re1+ 32. Rxe1 Rxe1+ 33. Kg2
Qf7 34. h4 Rg1+ 35. Kh2 Bxg3+ 0-1

[Event "DVM U14w 2003"]
[Site "Greifswald GER"]
[Date "2003.12.28"]
[Round "4"]
[White "Sandrou, Tina"]
[Black "Bethge, Johanna"]
[Result "1-0"]
[Termination "normal"]
[Board "4.2"]
[WhiteElo "1266"]
[BlackElo "1094"]
[WhiteTeam "TSV Heumaden"]
[BlackTeam "SV Empor Erfurt"]
[PlyCount "69"]
[BlackFideId "24664898"]
[EventCountry "GER"]
[EventRounds "7"]
[EventType "team-swiss"]
[EventDate "2003.12.26"]

1. e4 e5 2. Nf3 Nc6 3. Bc4 Bc5 4. c3 Nf6 5. d4 exd4 6. cxd4 Bb4+ 7. Bd2 Bxd2+
8. Nbxd2 d5 9. exd5 Nxd5 10. Qb3 Nce7 11. O-O O-O 12. Rfe1 c6 13. Re2 b5 14.
Bd3 Qd6 15. Ne4 Qh6 16. Neg5 Bf5 17. Bxf5 Nxf5 18. Qc2 Nxd4 19. Nxd4 Qxg5 20.
Qxc6 Nf4 21. Re3 a6 22. Rg3 Qe5 23. Rd1 Rad8 24. Re3 Ne2+ 25. Kf1 Nxd4 26. Qb6
Qd6 27. Qa5 Qf6 28. Rdd3 Ne6 29. Qxa6 Qxb2 30. Rb3 Rd1+ 31. Re1 Qd2 32. Rbe3
Nf4 33. Qa3 Nd3 34. Qxf8+ Kxf8 35. Re8# 1-0

[Event "DVM U14w 2003"]
[Site "Greifswald GER"]
[Date "2003.12.28"]
[Round "4"]
[White "Friedrichs, Anne-Kathrin"]
[Black "Fröschle, Luzie"]
[Result "0-1"]
[Termination "normal"]
[Board "4.3"]
[WhiteElo "1142"]
[BlackElo "1182"]
[WhiteTeam "SV Empor Erfurt"]
[BlackTeam "TSV Heumaden"]
[PlyCount "46"]
[BlackFideId "24631221"]
[EventCountry "GER"]
[EventRounds "7"]
[EventType "team-swiss"]
[EventDate "2003.12.26"]

1. e4 c6 2. d4 d5 3. Nc3 dxe4 4. Nxe4 Nd7 5. Nf3 Ngf6 6. Bd3 e6 7. O-O Nxe4 8.
Bxe4 Nf6 9. Bg5 Be7 10. Re1 Nxe4 11. Rxe4 Bxg5 12. Nxg5 Qxg5 13. Qf3 O-O 14.
Rg4 Qf5 15. Qg3 g6 16. Re1 Qxc2 17. Rh4 Qd2 18. f3 Rd8 19. Ree4 Rd5 20. Qe1
Qxe1+ 21. Rxe1 b6 22. Ree4 Bb7 23. Rh3 c5 0-1

[Event "DVM U14w 2003"]
[Site "Greifswald GER"]
[Date "2003.12.28"]
[Round "4"]
[White "Gheng, Hannelore"]
[Black "Pantlowsky, Luisa"]
[Result "1-0"]
[Termination "normal"]
[Board "4.4"]
[WhiteElo "1168"]
[BlackElo "726"]
[WhiteTeam "TSV Heumaden"]
[BlackTeam "SV Empor Erfurt"]
[PlyCount "51"]
[WhiteFideId "4637887"]
[EventCountry "GER"]
[EventRounds "7"]
[EventType "team-swiss"]
[EventDate "2003.12.26"]

1. e4 e5 2. Nf3 Nc6 3. Bb5 Nf6 4. O-O Bc5 5. c3 O-O 6. Nxe5 Re8 7. d4 Bd6 8.
Nxc6 bxc6 9. Bd3 Nxe4 10. Re1 Nf6 11. Bg5 Rxe1+ 12. Qxe1 Bb7 13. Nd2 h6 14.
Bxf6 Qxf6 15. Nf3 c5 16. Be4 Rb8 17. Bxb7 Rxb7 18. Qe8+ Kh7 19. Qe4+ Kg8 20.
Qxb7 a5 21. Qc8+ Kh7 22. Qxd7 cxd4 23. cxd4 Kg6 24. Re1 Qf4 25. Qb5 Qf5 26.
Nh4+ 1-0

[Event "DVM U14w 2003"]
[Site "Greifswald GER"]
[Date "2003.12.28"]
[Round "4"]
[White "Vollak, Marleen"]
[Black "Gahn, Juliane"]
[Result "1-0"]
[Termination "normal"]
[Board "5.1"]
[WhiteElo "1636"]
[BlackElo "1342"]
[WhiteTeam "SV Glück Auf Rüdersdorf"]
[BlackTeam "ESV Delitzsch"]
[PlyCount "59"]
[WhiteFideId "24624233"]
[EventCountry "GER"]
[EventRounds "7"]
[EventType "team-swiss"]
[EventDate "2003.12.26"]

1. d4 Nf6 2. c4 c5 3. d5 b5 4. Nf3 g6 5. cxb5 a6 6. Nc3 axb5 7. Qc2 d6 8. e4
Ba6 9. Bxb5+ Bxb5 10. Nxb5 Nbd7 11. O-O Bg7 12. Rd1 O-O 13. a4 Nb8 14. Bd2 Qb6
15. Bc3 Na6 16. Qe2 Rfb8 17. e5 Ne8 18. exd6 exd6 19. Nd2 Bf8 20. Nc4 Qd8 21.
Qf3 Rc8 22. Re1 Nb4 23. Re2 Rcb8 24. Rxe8 Qg5 25. Rxb8 Rxb8 26. Ncxd6 Bxd6 27.
Nxd6 Qe7 28. Qf6 Qxf6 29. Bxf6 Nxd5 30. Be5 1-0

[Event "DVM U14w 2003"]
[Site "Greifswald GER"]
[Date "2003.12.28"]
[Round "4"]
[White "Gahn, Cornelia"]
[Black "Wolf, Carolin"]
[Result "1/2-1/2"]
[Termination "normal"]
[Board "5.2"]
[WhiteElo "1275"]
[BlackElo "1221"]
[WhiteTeam "ESV Delitzsch"]
[BlackTeam "SV Glück Auf Rüdersdorf"]
[PlyCount "48"]
[BlackFideId "24628034"]
[EventCountry "GER"]
[EventRounds "7"]
[EventType "team-swiss"]
[EventDate "2003.12.26"]

1. e4 d5 2. exd5 Nf6 3. c4 c6 4. dxc6 Nxc6 5. Nc3 Bf5 6. Nf3 e5 7. d3 Bb4 8.
Qe2 O-O 9. Be3 Qa5 10. Qc2 Rad8 11. Nh4 Nd4 12. Qd2 Bc8 13. Be2 Nxe2 14. Kxe2
e4 15. d4 Qh5+ 16. Nf3 exf3+ 17. gxf3 Rfe8 18. a3 Bxc3 19. Qxc3 b6 20. Rag1 Ba6
21. Kd2 Qxf3 22. Qc2 Bxc4 23. Bh6 Qxf2+ 24. Kc1 Be6 1/2-1/2

[Event "DVM U14w 2003"]
[Site "Greifswald GER"]
[Date "2003.12.28"]
[Round "4"]
[White "Heider, Julia"]
[Black "Reinsdorf, Christin"]
[Result "0-1"]
[Termination "normal"]
[Board "5.3"]
[WhiteElo "718"]
[BlackElo "1282"]
[WhiteTeam "SV Glück Auf Rüdersdorf"]
[BlackTeam "ESV Delitzsch"]
[PlyCount "77"]
[EventCountry "GER"]
[EventRounds "7"]
[EventType "team-swiss"]
[EventDate "2003.12.26"]

1. e4 e5 2. Nf3 Nc6 3. Bc4 Nf6 4. d3 h6 5. Be3 Be7 6. O-O d6 7. Nbd2 O-O 8. c3
Re8 9. d4 exd4 10. cxd4 d5 11. e5 dxc4 12. exf6 Bxf6 13. Nxc4 Bg4 14. d5 Ne5
15. Ncxe5 Bxe5 16. Rb1 Qf6 17. b4 Bd6 18. Rb3 Rad8 19. Bd4 Qg6 20. Qd2 Bh3 21.
Nh4 Qh5 22. Qc2 Qxh4 23. Rxh3 Qxd4 24. Qf5 Qxb4 25. Rf3 Re7 26. Qh5 Rde8 27.
Re3 Bc5 28. Kh1 Bxe3 29. fxe3 Qc4 30. Qf3 Qxa2 31. e4 Rxe4 32. Qxf7+ Kh8 33.
Qf3 Qxd5 34. h3 Qd6 35. g3 Re1 36. Kg2 Rxf1 37. Kxf1 Rf8 38. Qf2 Rxf2+ 39. Kxf2
0-1

[Event "DVM U14w 2003"]
[Site "Greifswald GER"]
[Date "2003.12.28"]
[Round "4"]
[White "Vales, Laura"]
[Black "Adomeit, Lena"]
[Result "1-0"]
[Termination "normal"]
[Board "7.2"]
[WhiteElo "1194"]
[BlackElo "817"]
[WhiteTeam "SV Motor Eberswalde"]
[BlackTeam "TTC GW Fritzdorf 58"]
[PlyCount "75"]
[BlackFideId "24659363"]
[EventCountry "GER"]
[EventRounds "7"]
[EventType "team-swiss"]
[EventDate "2003.12.26"]

1. d4 d5 2. Nf3 Nc6 3. e3 a6 4. c3 Bg4 5. Bd3 e6 6. Nbd2 Nf6 7. O-O Bd6 8. h3
Bxf3 9. Qxf3 O-O 10. e4 h6 11. e5 Be7 12. exf6 Bxf6 13. Re1 e5 14. dxe5 Nxe5
15. Qg3 Re8 16. Rd1 d4 17. Ne4 dxc3 18. Nxf6+ Qxf6 19. bxc3 Nxd3 20. Qxd3 Red8
21. Qc2 Rxd1+ 22. Qxd1 Qxc3 23. Bd2 Qf6 24. Rc1 c6 25. Bc3 Qe6 26. Qg4 Qxg4 27.
hxg4 g6 28. Rd1 Re8 29. f3 b5 30. Bb4 Rc8 31. Rd6 c5 32. Bd2 Kg7 33. Rxa6 c4
34. Bc3+ Kg8 35. Rb6 Ra8 36. Rxb5 Rxa2 37. Rb8+ Kh7 38. Rh8# 1-0

[Event "DVM U14w 2003"]
[Site "Greifswald GER"]
[Date "2003.12.29"]
[Round "5"]
[White "Ohme, Melanie"]
[Black "Post, Julia"]
[Result "1/2-1/2"]
[Termination "normal"]
[Board "1.1"]
[WhiteElo "1948"]
[BlackElo "1172"]
[WhiteTeam "SC Leipzig-Gohlis"]
[BlackTeam "SK Gräfelfing"]
[PlyCount "35"]
[WhiteFideId "4690745"]
[EventCountry "GER"]
[EventRounds "7"]
[EventType "team-swiss"]
[EventDate "2003.12.26"]

1. e4 e5 2. Bc4 Nf6 3. d3 Nc6 4. Nf3 Be7 5. c3 d6 6. Bb3 O-O 7. Nbd2 Be6 8. Bc2
d5 9. h4 dxe4 10. dxe4 Ng4 11. Nh2 Nxh2 12. Rxh2 h6 13. Qe2 Bxh4 14. Qh5 Bg5
15. Nf3 Bxc1 16. Rxc1 Qf6 17. Ke2 Qg6 18. Qh4 1/2-1/2

[Event "DVM U14w 2003"]
[Site "Greifswald GER"]
[Date "2003.12.29"]
[Round "5"]
[White "Bothe, Lea"]
[Black "Nguyen, Hoa My"]
[Result "1/2-1/2"]
[Termination "normal"]
[Board "1.2"]
[WhiteElo "1259"]
[BlackElo "1582"]
[WhiteTeam "SK Gräfelfing"]
[BlackTeam "SC Leipzig-Gohlis"]
[PlyCount "82"]
[EventCountry "GER"]
[EventRounds "7"]
[EventType "team-swiss"]
[EventDate "2003.12.26"]

1. e4 c5 2. Nf3 d6 3. d4 cxd4 4. Nxd4 Nf6 5. Nc3 a6 6. Bd3 e5 7. Nf3 h6 8. Nd5
Nxd5 9. exd5 Qa5+ 10. Bd2 Qxd5 11. h3 Be7 12. Qe2 Qc5 13. O-O Be6 14. a3 Nd7
15. Rfd1 Qc7 16. Bb4 O-O 17. Qe4 Nf6 18. Qe2 Rac8 19. Rac1 Nd5 20. Qe4 f5 21.
Qe1 Nxb4 22. axb4 Rf6 23. Bf1 Rg6 24. Kh1 Qc6 25. c3 f4 26. Bd3 Rf6 27. Be4 Qc7
28. c4 g5 29. Qe2 Bf8 30. Qd3 Kh8 31. b3 Qg7 32. Ne1 h5 33. Rc3 g4 34. h4 g3
35. fxg3 Qf7 36. Kh2 Bh6 37. Nf3 fxg3+ 38. Kg1 Rf4 39. Re1 Rxh4 40. Qxd6 Rg4
41. Rc2 Bg7 1/2-1/2

[Event "DVM U14w 2003"]
[Site "Greifswald GER"]
[Date "2003.12.29"]
[Round "5"]
[White "Riedel, Kristina"]
[Black "Bothe, Ann-Marie"]
[Result "1-0"]
[Termination "normal"]
[Board "1.3"]
[WhiteElo "1467"]
[BlackElo "814"]
[WhiteTeam "SC Leipzig-Gohlis"]
[BlackTeam "SK Gräfelfing"]
[PlyCount "77"]
[WhiteFideId "24659282"]
[EventCountry "GER"]
[EventRounds "7"]
[EventType "team-swiss"]
[EventDate "2003.12.26"]

1. e4 e5 2. Nf3 Nc6 3. d4 exd4 4. Nxd4 Bc5 5. Be3 Nf6 6. Nxc6 dxc6 7. Qxd8+
Kxd8 8. Bxc5 Nxe4 9. Bd4 f6 10. Bd3 Bf5 11. O-O b6 12. Re1 Re8 13. Nc3 Nd6 14.
Rxe8+ Kxe8 15. Re1+ Kf7 16. Bxf5 Nxf5 17. Be3 Re8 18. Kf1 Nd6 19. b3 h6 20. Bf4
Rxe1+ 21. Kxe1 Ke6 22. Bxd6 cxd6 23. Ke2 Ke5 24. Ke3 g5 25. g3 g4 26. Ne2 c5
27. f3 gxf3 28. Kxf3 f5 29. c4 h5 30. Nf4 Kf6 31. Nxh5+ Kg5 32. Nf4 Kf6 33.
Nd5+ Ke6 34. Kf4 Kf7 35. Kxf5 Kg7 36. h4 Kh6 37. g4 Kg7 38. g5 Kf7 39. g6+ 1-0

[Event "DVM U14w 2003"]
[Site "Greifswald GER"]
[Date "2003.12.29"]
[Round "5"]
[White "Dobrinevski, Anastassia"]
[Black "Perlick, Maria"]
[Result "1/2-1/2"]
[Termination "normal"]
[Board "1.4"]
[WhiteElo "790"]
[BlackElo "1173"]
[WhiteTeam "SK Gräfelfing"]
[BlackTeam "SC Leipzig-Gohlis"]
[PlyCount "59"]
[EventCountry "GER"]
[EventRounds "7"]
[EventType "team-swiss"]
[EventDate "2003.12.26"]

1. e4 e6 2. Nf3 d5 3. exd5 exd5 4. Bb5+ c6 5. Ba4 Bg4 6. h3 Bh5 7. g4 Bg6 8. d3
Nf6 9. Bg5 h6 10. Bf4 Bd6 11. Bxd6 Qxd6 12. Qe2+ Kd8 13. O-O Re8 14. Qd2 Qd7
15. Re1 Rxe1+ 16. Qxe1 Nxg4 17. Qb4 Nf6 18. Kg2 Qf5 19. Qd6+ Nbd7 20. Qg3 Nh5
21. Qg4 Qxg4+ 22. hxg4 Nf4+ 23. Kg3 Ne6 24. Nbd2 Kc7 25. c4 Bxd3 26. cxd5 cxd5
27. Bxd7 Kxd7 28. Ne5+ Ke7 29. Nxd3 Kd6 30. Nb3 1/2-1/2

[Event "DVM U14w 2003"]
[Site "Greifswald GER"]
[Date "2003.12.29"]
[Round "5"]
[White "Zikeli, Saskia"]
[Black "Zemella, Jennifer"]
[Result "1-0"]
[Termination "normal"]
[Board "2.1"]
[WhiteElo "1867"]
[BlackElo "1600"]
[WhiteTeam "TSV Heumaden"]
[BlackTeam "SG Porz"]
[PlyCount "85"]
[WhiteFideId "24601543"]
[BlackFideId "24636096"]
[EventCountry "GER"]
[EventRounds "7"]
[EventType "team-swiss"]
[EventDate "2003.12.26"]

1. e4 c5 2. Nf3 d6 3. d4 cxd4 4. Nxd4 Nf6 5. Nc3 a6 6. Bg5 e6 7. f4 Be7 8. Qf3
Qc7 9. O-O-O Nbd7 10. Bd3 b5 11. Rhe1 Bb7 12. Nd5 exd5 13. Nf5 d4 14. Qg3 Nc5
15. Nxe7 Nxd3+ 16. Qxd3 Nd7 17. Nd5 Qc5 18. Qxd4 Qxd4 19. Rxd4 O-O 20. Be7 Rfc8
21. Bxd6 Bxd5 22. Rxd5 Nf6 23. Rd4 Rc6 24. Red1 h6 25. Be7 Kh7 26. e5 Ng8 27.
Bh4 Rac8 28. c3 Re8 29. Rd8 Rxd8 30. Rxd8 b4 31. Rd3 Rc4 32. Rd4 Rxd4 33. cxd4
f6 34. Kc2 Kg6 35. Kb3 Kf5 36. Kxb4 Ne7 37. Kc5 Ng6 38. g3 Ke6 39. d5+ Kd7 40.
e6+ Ke7 41. f5 Nf8 42. d6+ Ke8 43. d7+ 1-0

[Event "DVM U14w 2003"]
[Site "Greifswald GER"]
[Date "2003.12.29"]
[Round "5"]
[White "Gossmann, Anna Maria"]
[Black "Sandrou, Tina"]
[Result "1-0"]
[Termination "normal"]
[Board "2.2"]
[WhiteElo "1502"]
[BlackElo "1266"]
[WhiteTeam "SG Porz"]
[BlackTeam "TSV Heumaden"]
[PlyCount "55"]
[EventCountry "GER"]
[EventRounds "7"]
[EventType "team-swiss"]
[EventDate "2003.12.26"]

1. e4 c5 2. Nf3 e6 3. d4 cxd4 4. Nxd4 Nf6 5. Nc3 Nc6 6. Ndb5 Bb4 7. Bf4 Bxc3+
8. bxc3 e5 9. Nd6+ Kf8 10. Bg5 h6 11. Bh4 Qa5 12. Qd2 Ne8 13. Nc4 Qc7 14. Rd1
f6 15. Ne3 Na5 16. Bb5 b6 17. O-O Bb7 18. Nd5 Qc8 19. Qd3 Bc6 20. Kh1 Bxb5 21.
Qxb5 Qc6 22. Qb4+ d6 23. Bg3 Nc4 24. Rd3 a5 25. Qb3 a4 26. Qb4 b5 27. f4 Kg8
28. Ne7+ 1-0

[Event "DVM U14w 2003"]
[Site "Greifswald GER"]
[Date "2003.12.29"]
[Round "5"]
[White "Fröschle, Luzie"]
[Black "Karmann, Anna"]
[Result "1/2-1/2"]
[Termination "normal"]
[Board "2.3"]
[WhiteElo "1182"]
[BlackElo "1458"]
[WhiteTeam "TSV Heumaden"]
[BlackTeam "SG Porz"]
[PlyCount "41"]
[WhiteFideId "24631221"]
[BlackFideId "24648000"]
[EventCountry "GER"]
[EventRounds "7"]
[EventType "team-swiss"]
[EventDate "2003.12.26"]

1. d4 d5 2. c4 e6 3. Nc3 Nf6 4. Bg5 Be7 5. cxd5 exd5 6. Nf3 Nbd7 7. e3 O-O 8.
Bd3 c6 9. O-O Re8 10. Qc2 Ne4 11. Bxe7 Qxe7 12. Nd2 Ndf6 13. Ndxe4 Nxe4 14.
Nxe4 dxe4 15. Bc4 Be6 16. Rac1 Qb4 17. Bxe6 Rxe6 18. Qc3 Qb5 19. b3 Rd8 20. Qc5
Qa6 21. Rc2 1/2-1/2

[Event "DVM U14w 2003"]
[Site "Greifswald GER"]
[Date "2003.12.29"]
[Round "5"]
[White "Hiller, Eugenia"]
[Black "Gheng, Hannelore"]
[Result "1-0"]
[Termination "normal"]
[Board "2.4"]
[WhiteElo "1208"]
[BlackElo "1168"]
[WhiteTeam "SG Porz"]
[BlackTeam "TSV Heumaden"]
[PlyCount "69"]
[BlackFideId "4637887"]
[EventCountry "GER"]
[EventRounds "7"]
[EventType "team-swiss"]
[EventDate "2003.12.26"]

1. d4 d5 2. c4 e6 3. e3 Nf6 4. Nc3 Bb4 5. a3 Bxc3+ 6. bxc3 O-O 7. Nf3 Nc6 8.
Be2 b6 9. O-O Bb7 10. cxd5 Nxd5 11. c4 Nc3 12. Qc2 Nxe2+ 13. Qxe2 Qf6 14. Bb2
Rad8 15. d5 e5 16. dxc6 Qxc6 17. Bxe5 Ba6 18. Rfc1 Qg6 19. Bxc7 Rd7 20. Ne5 Qg5
21. Nxd7 Bb7 22. Bg3 Rd8 23. Rd1 Qf5 24. Ne5 Rc8 25. Rd7 f6 26. Rxb7 fxe5 27.
Rxa7 Qe6 28. Ra4 e4 29. h3 Qf6 30. Rb1 Rb8 31. c5 Rd8 32. Rxb6 Qc3 33. Rab4 h6
34. Rb8 Rxb8 35. Rxb8+ 1-0

[Event "DVM U14w 2003"]
[Site "Greifswald GER"]
[Date "2003.12.29"]
[Round "5"]
[White "Nuber, Helene"]
[Black "Domaske, Susann"]
[Result "1-0"]
[Termination "normal"]
[Board "3.1"]
[WhiteElo "1686"]
[BlackElo "1508"]
[WhiteTeam "SC Schwabmünchen"]
[BlackTeam "Franckesche Stiftungen Halle"]
[PlyCount "103"]
[WhiteFideId "24613045"]
[EventCountry "GER"]
[EventRounds "7"]
[EventType "team-swiss"]
[EventDate "2003.12.26"]

1. e4 c5 2. Nc3 Nc6 3. g3 Nf6 4. Bg2 d6 5. d3 g6 6. f4 Bg7 7. Nf3 Qc7 8. a3 Rb8
9. Rb1 b5 10. Bd2 a5 11. Ne2 Bg4 12. h3 Bd7 13. g4 b4 14. Ng3 O-O 15. O-O Qc8
16. Kh2 Ne8 17. Qc1 Nd4 18. f5 Nxf3+ 19. Bxf3 bxa3 20. bxa3 Rxb1 21. Qxb1 a4
22. Qc1 c4 23. Ne2 cxd3 24. cxd3 Be5+ 25. Kg2 Qxc1 26. Bxc1 Bb5 27. Rd1 Nc7 28.
d4 Bg7 29. Be3 e6 30. Rc1 Rc8 31. Kf2 Kf8 32. e5 d5 33. f6 Bh8 34. Bd2 Ke8 35.
Ba5 Kd7 36. Rxc7+ Rxc7 37. Bxc7 Kxc7 38. Nc3 Kb6 39. Nxb5 Kxb5 40. Be2+ Kc6 41.
g5 Kb6 42. Ke1 Ka5 43. Kd2 Kb6 44. Kc3 Ka5 45. h4 Bxf6 46. gxf6 h6 47. Kd2 g5
48. hxg5 hxg5 49. Ke3 g4 50. Kf4 g3 51. Kxg3 Kb6 52. Kg4 1-0

[Event "DVM U14w 2003"]
[Site "Greifswald GER"]
[Date "2003.12.29"]
[Round "5"]
[White "Feist, Andra"]
[Black "Billing, Tanja"]
[Result "1-0"]
[Termination "normal"]
[Board "3.2"]
[WhiteElo "1392"]
[BlackElo "1394"]
[WhiteTeam "Franckesche Stiftungen Halle"]
[BlackTeam "SC Schwabmünchen"]
[PlyCount "115"]
[BlackFideId "24647993"]
[EventCountry "GER"]
[EventRounds "7"]
[EventType "team-swiss"]
[EventDate "2003.12.26"]

1. e4 c5 2. Nf3 Nc6 3. Bc4 e6 4. Nc3 Nge7 5. Qe2 g6 6. d3 Bg7 7. Bg5 O-O 8. O-O
Re8 9. Rad1 a6 10. a4 h6 11. Bxe7 Nxe7 12. Qd2 d5 13. exd5 exd5 14. Bb3 Be6 15.
Rfe1 c4 16. dxc4 dxc4 17. Qxd8 Rexd8 18. Rxd8+ Rxd8 19. Bxc4 Bxc4 20. Rxe7 Bf6
21. Re1 b5 22. axb5 axb5 23. Ne5 Re8 24. f4 Bd8 25. Nd3 Bb6+ 26. Kh1 Rd8 27.
Rd1 Be3 28. g3 Kg7 29. b3 b4 30. bxc4 bxc3 31. Kg2 Rc8 32. Ne5 Bd2 33. Rb1 Rc7
34. Rb4 f6 35. Nd3 Rd7 36. Nc5 Ra7 37. Rb7+ Rxb7 38. Nxb7 Kf7 39. Kf3 Ke6 40.
Ke4 h5 41. c5 Kd7 42. Kd5 Kc7 43. Nd6 Be3 44. c6 Bb6 45. Ne8+ Kd8 46. Nxf6 Ke7
47. Ne4 Ba5 48. Kc4 Kd8 49. Kb5 Bc7 50. Nxc3 Kc8 51. Nd5 Kd8 52. Nxc7 Kxc7 53.
Kc5 Kc8 54. Kd6 Kd8 55. c7+ Kc8 56. c4 h4 57. gxh4 g5 58. fxg5 1-0

[Event "DVM U14w 2003"]
[Site "Greifswald GER"]
[Date "2003.12.29"]
[Round "5"]
[White "Nieberle, Julia"]
[Black "Obereigner, Julia"]
[Result "1/2-1/2"]
[Termination "normal"]
[Board "3.3"]
[WhiteElo "1275"]
[BlackElo "1222"]
[WhiteTeam "SC Schwabmünchen"]
[BlackTeam "Franckesche Stiftungen Halle"]
[PlyCount "121"]
[EventCountry "GER"]
[EventRounds "7"]
[EventType "team-swiss"]
[EventDate "2003.12.26"]

1. e4 e5 2. Nf3 Nc6 3. Bc4 Bc5 4. Nc3 Nf6 5. d3 h6 6. Be3 d6 7. Bxc5 dxc5 8.
Bb5 Qd6 9. Bxc6+ Qxc6 10. Nxe5 Qd6 11. Nf3 Qf4 12. Qd2 Qg4 13. Rg1 O-O 14. h3
Qe6 15. Nb5 Qb6 16. c4 Bd7 17. Nc3 Rad8 18. O-O-O Bc6 19. Qe2 a5 20. Qc2 Ra8
21. Na4 Qb4 22. Nc3 a4 23. a3 Qa5 24. Ne5 Be8 25. f4 c6 26. d4 cxd4 27. Rxd4 g5
28. g3 Qb6 29. Rdd1 Qe3+ 30. Qd2 Qxd2+ 31. Rxd2 b5 32. cxb5 cxb5 33. Nf3 g4 34.
hxg4 Nxg4 35. Re2 Bc6 36. Nd4 Rac8 37. Nxc6 Rxc6 38. Kd2 Rd8+ 39. Kc2 Rd4 40.
e5 b4 41. axb4 Rxb4 42. Ra1 Kg7 43. Ra2 h5 44. Ra3 Nh6 45. Rd2 Nf5 46. Rd3 Nd4+
47. Kb1 Rcc4 48. Ka2 Nc2 49. b3 axb3+ 50. Rxb3 Kg6 51. Kb2 Ne1 52. Re3 Ng2 53.
Re2 Nxf4 54. gxf4 Rxb3+ 55. Kxb3 Rxf4 56. Kc2 h4 57. Nd1 h3 58. Rh2 Rh4 59. Nf2
Kf5 60. Nxh3 Kxe5 61. Re2+ 1/2-1/2

[Event "DVM U14w 2003"]
[Site "Greifswald GER"]
[Date "2003.12.29"]
[Round "5"]
[White "Müller, Johanna"]
[Black "Muschak, Theresia"]
[Result "1/2-1/2"]
[Termination "normal"]
[Board "3.4"]
[WhiteElo "999"]
[BlackElo "864"]
[WhiteTeam "Franckesche Stiftungen Halle"]
[BlackTeam "SC Schwabmünchen"]
[PlyCount "54"]
[EventCountry "GER"]
[EventRounds "7"]
[EventType "team-swiss"]
[EventDate "2003.12.26"]

1. e4 e5 2. Nf3 Nc6 3. Nc3 Nf6 4. Bb5 Bc5 5. O-O O-O 6. d3 d6 7. Bg5 h6 8. Bh4
Bg4 9. h3 Bh5 10. Nd5 g5 11. Nxf6+ Qxf6 12. Bg3 Nd4 13. Bc4 Bxf3 14. gxf3 Qxf3
15. Qxf3 Nxf3+ 16. Kg2 Nd2 17. Rg1 Nxc4 18. dxc4 f6 19. Kh1 Bd4 20. c3 Bb6 21.
a4 a5 22. b4 c5 23. bxc5 Bxc5 24. Rab1 b6 25. Rg2 h5 26. Rf1 h4 27. Bxh4 Kf7
1/2-1/2